Normal view
MARC view
Entry Geographic Name
001 - CONTROL NUMBER
- control field: 1015
003 - CONTROL NUMBER IDENTIFIER
- control field: OSt
005 - DATE AND TIME OF LATEST TRANSACTION
- control field: 20140909155350.0
008 - FIXED-LENGTH DATA ELEMENTS
- fixed length control field: 140909|| aca||aabn | a|a d
040 ## - CATALOGING SOURCE
- Original cataloging agency: OSt
- Transcribing agency: OSt
151 ## - HEADING--GEOGRAPHIC NAME
- Geographic name: United States
- General subdivision: Foreign economic relations.
670 ## - SOURCE DATA FOUND
- Source citation: Work cat.: (OSt)386: Seabrooke, Leonard, 1974- 1012, US power in international finance :, 2001.
